|
|
|
|
| LEADER |
01046nab#a2200301#ar4500 |
| 001 |
000072801 |
| 003 |
SVKKK |
| 005 |
20030312xxxxxxx. |
| 008 |
06 c xo huno |
| FMT |
|
|
|
| 038 |
|
|
|a SVKKK
|
| 040 |
|
|
|a SVKKK
|b slo
|e AACR2
|
| 041 |
0 |
|
|a hun
|
| 044 |
|
|
|a xo
|c SK
|
| 080 |
|
|
|a 371.2
|
| 242 |
1 |
0 |
|a Návšteva školského inšpektora
|
| 245 |
0 |
0 |
|a Tanfelügyelői iskolalátogatás
|
| 500 |
|
|
|a mikrofilm
|
| 520 |
2 |
|
|a Správa o tom, že riaditeľ Humenskej expozitúry župného školského inšpektorátu vybavil v máji roku 1908 povolenie činnosti súkromnej meštianskej dievčenskej školy v Humennom.
|
| 650 |
0 |
4 |
|a Dudás, Július (riaditeľ expozitúry) - súkromná meštianska dievčenská škola, Humenné - povolenie vybavené - máj 1908 - správy
|
| 773 |
0 |
|
|t Felvidéki Hirlap : Közgazdasági, társadalmi és szépirodalmi hetilap
|g Roč. 1, č. 10 (17.05.1908) s. 3
|
| 957 |
|
|
|a Humenné
|
| 958 |
|
|
|a DG
|
| 958 |
|
|
|a SK
|
| 974 |
|
|
|a Ba
|d 20030312
|
| 992 |
|
|
|a RBX
|
| BAS |
|
|
|
| 998 |
|
|
|a RETRO
|